Statistiques concernant Le livre de la Jungle

Cliquez ici pour prendre le quiz!

Statistiques générales

  • Ce quiz a été pris 179 fois
  • Le résultat moyen est 10 sur 15

Statistiques - réponses

QuestionRéponse% Correct
L'oursBaloo
95%
Personnage principalMowgli
93%
Le tigreShere Khan
89%
Animaux qui ont recueilli le petit garçonLoups
86%
Le serpentKaa
84%
Producteur du dessin animéWalt Disney
76%
La panthèreBagheera
75%
De quelle espèce de singes s'agit-il ?Orang-outan
69%
Pays actuel où se déroule l'histoireInde
65%
Nationalité de l'auteurBritannique
60%
Auteur du livre et des nouvellesRudyard Kipling
59%
Les oiseaux qui veulent devenir son amiVautours
49%
Prix littéraire prestigieux obtenu en 1907Nobel de littérature
41%
Le chef des singes (uniquement dans le dessin animé)Roi Louie
38%
Le chef des éléphantsColonel Hathi
29%

Distribution des résultats

Percentile par nombre de réponses

% des personnes avec chaque résultat

Votre développement - résultats

Vous n’avez pas pris ce quiz